| 000 | 00629cam a22002053a 4500 | ||
|---|---|---|---|
| 001 | 37149 | ||
| 003 | PGUSA | ||
| 005 | 20140828083820.0 | ||
| 008 | 110821s2011||||xxu|||||s|||||000 | eng d | ||
| 040 |
_aPGUSA _beng |
||
| 042 | _adc | ||
| 100 | 1 |
_aWheeler, Edward L. _q(Edward Lytton), _d1854-1885 |
|
| 245 | 1 | 0 |
_aFritz to the Front, or, the Ventriloquist Scamp-Hunter _h[electronic resource] / _cEdward L. Wheeler |
| 260 |
_bProject Gutenberg, _c2011 |
||
| 506 | _aPublic domain in the USA. | ||
| 516 | _aElectronic text | ||
| 830 | 0 |
_aProject Gutenberg _v37149 |
|
| 856 | 4 | 0 | _uhttp://www.gutenberg.org/ebooks/37149 |
| 942 | _cEB | ||
| 999 |
_c266403 _d266403 |
||